White & ___ Country Flags Quiz Stats

 Plays Quiz not verified by Sporcle

Score 0/25 Timer 02:30
0 Plays Today
% Correct
Japan
94.9%
Canada
92.4%
Austria
92.1%
Greece
90.9%
Denmark
90%
Poland
89.4%
Israel
89%
Finland
87.5%
Switzerland
86%
Monaco
83%
Indonesia
81.7%
Nigeria
81.5%
Georgia
79%
% Correct
Singapore
77.1%
Turkey
76.6%
Latvia
76.6%
Pakistan
75.8%
Saudi Arabia
73%
Qatar
72.6%
Bahrain
72.4%
Tunisia
72%
Honduras
65%
Tonga
61.4%
Micronesia
60.3%
Somalia
58.8%

You're not logged in!

Compare scores with friends on all Sporcle quizzes.
OR
Log In

Show Comments

Extras

Top Quizzes Today


Score Distribution

Your Account Isn't Verified!

In order to create a playlist on Sporcle, you need to verify the email address you used during registration. Go to your Sporcle Settings to finish the process.

Report this User

Report this user for behavior that violates our Community Guidelines.

Details: